000 00415nam a2200133Ia 4500
005 20260328101506.0
008 260328s9999||||xx |||||||||||||| ||und||
100 _aFundación Caja de Pensiones
245 0 _aEl Lissitzky (1891-1941) :
_b Arquitecto, Pintor, fotógrafo, typógrafo /
_cFundación Caja de Pensiones
260 _bFundación Caja de Pensiones
300 _a219 p.
650 _aARQUITECTOS
942 _cBK
999 _c9024
_d9024